Tree Houses /

Salvato in:
Dettagli Bibliografici
Ente Autore: LOFT Publications (Redattore)
Altri autori: Alonso, Claudia Martínez (Redattore)
Natura: Libro
Lingua:inglese
francese
tedesco
olandese
spagnolo
italiano
portoghese
svedese
Pubblicazione: Köln : Frechman Kolón GmbH, 2013
Edizione:1. vydanie
Soggetti:
Tags: Aggiungi Tag
Nessun Tag, puoi essere il primo ad aggiungerne!!

MARC

LEADER 00000nam a22000003a 4500
001 0075443
003 SK-STU
005 20190906103424.4
007 ta
008 190905s ----xo-----e------000-0-----d
020 |a 978-84-9936-362-2 
040 |a STU  |b slo 
041 0 |a eng  |a fre  |a ger  |a dut  |a spa  |a ita  |a por  |a swe 
044 |a xxk 
100 1 |a Alonso, Claudia Martínez  |4 edt 
110 2 |a LOFT Publications  |4 edt 
245 1 0 |a Tree Houses /  |c ed. Claudia Martínez Alonso 
250 |a 1. vydanie 
260 |a Köln :  |b Frechman Kolón GmbH,  |c 2013 
300 |a 511 s. 
650 0 7 |a experimentálna architektúra 
650 0 7 |a ekologická architektúra 
650 0 7 |a chaty 
650 0 7 |a interiéry 
650 0 7 |a prírodné materiály 
650 0 7 |a drevo 
650 0 7 |a materská škôlka 
650 0 7 |a domy na strome 
996 |b 284AU08104  |c A* 11369/U  |l AAKNST  |s P  |a 0  |w 0075443_0001